| 000 | 00868nam a2200253 a 4500 | ||
|---|---|---|---|
| 001 | 000003447 | ||
| 005 | 20200929150439.0 | ||
| 008 | 720905s1974 mx a 001 0aspa | ||
| 040 |
_aDO-SdBNP _bspa _cBNPHU |
||
| 041 | 1 | 7 |
_aspa _heng |
| 082 |
_a813 _bH417n |
||
| 100 | 1 |
_aHayes, Helen, _d1900-1993. _910742 |
|
| 240 | 1 | 0 |
_aTwice over lightly. _lEspañol |
| 245 | 1 | 0 |
_aNueva York antes y ahora / _cHelen Hayes y Anita Loos ; traducción, Ramón Frausto. |
| 260 |
_aMéxico : _bAsociados, _c1974. |
||
| 300 |
_a294 p. : _bil. ; _c20 cm. |
||
| 490 | 1 | _aHistoria Actual | |
| 534 |
_aTítulo original: _tTwice over lightly |
||
| 650 | 4 |
_aLiteratura estadounidense _9263 |
|
| 651 | 4 |
_aNew York (Estados Unidos{Rpara} _xCondiciones Sociales _910743 |
|
| 700 | 1 |
_aLoos, Anita, _d1893-1981, _910744 |
|
| 700 | 1 |
_aFrausto, Ramón, _etr. _910745 |
|
| 830 | 0 |
_aHistoria Actual _910746 |
|
| 999 |
_c3277 _d3277 |
||